German State Flags - Statistics

General Stats
  • This quiz has been taken 66 times
  • The average score is 11 of 16
Answer Stats
Picture Answer % Correct
Berlin
90%
Bavaria
84%
Hamburg
80%
Baden-Württemberg
76%
Lower Saxony
73%
Bremen
71%
Brandenburg
65%
Mecklenburg-Vorpommern
65%
North Rhine-Westphalia
65%
Saarland
65%
Hesse
63%
Saxony
63%
Rhineland-Palatinate
61%
Saxony-Anhalt
61%
Thuringia
59%
Schleswig-Holstein
57%
No matching quizzes found
Score Distribution
Percent of People with Each Score
Percentile by Number Answered
Your Score History
You have not taken this quiz